Statistiche per Stati che confinano con il Kazakistan

Clicka qui per fare il quiz!

Statistiche generali

  • Questo quiz è stato fatto 10 volte
  • Il punteggio medio è 4 su 5

Statistiche sulle risposte

Superficie (km²)Popolazione (ab.)Lunghezza confine (km)Stato% Corretto
17 125 306145 098 3656 846Russia
100%
9 596 0001 443 615 4911 533Cina
88%
199 9455 334 2231 212Kirghizistan
88%
447 40034 438 0402 330Uzbekistan
88%
491 2105 662 544413Turkmenistan
63%

Distribuzione punteggi

Percentile per numero di risposta

Percentuale di utenti per punteggio

I tuoi punteggi nel tempo

Non hai fatto questo quiz